000 00571nam a2200241Ia 4500
005 20251020182514.0
008 200515s9999 xx 000 0 und d
020 _a950-537-352-X
082 _a658.26.3/P26
100 _aRoberto Parro, Nereo
245 0 _aReingeniería : Empezar de nuevo
260 _aBuenos Aires
260 _bEdicones Macchi
260 _c1996
300 _a228 p.
500 _a1 ejemplar
650 _aADMINISTRACION
650 _aGLOBALIZACION
650 _aPARADIGMAS
650 _aREINGENIERIA
942 _cLIB
999 _c1523
_d1523